000 002920000a22001330004500
003 MACL
040 _aMACL
090 _c36481
_d36479
100 _aChopra, Pran
245 _aOn An Indian Border
260 _bAsia Publishing House
_c1964
650 _aIndian History
942 _cBOOK
_k954/CHO
999 _c36086
_d36086